000
003190000a22001210004500
090
_a
DVD 0005
245
1
0
_a
Nueva versión Internacional Dios habla nuestra lengua : clara, fiel, fresca, confiable
260
_a
Miami, Fl. : Vida
500
_a
Incluye Folleto
306
_a
Duración: 24:58
001
4998
942
_c
BK
999
_c
35507
_d
35507